| 000 | 00000nam 2200000zi 4500 |
| 001 | 9.923949 |
| 003 | CaOODSP |
| 005 | 20230615172534 |
| 006 | m o d f |
| 007 | cr |n||||||||| |
| 008 | 230615t19811981onc o f000 0 fre d |
| 020 | |z0662911334 |
| 040 | |aCaOODSP|bfre|erda|cCaOODSP |
| 043 | |an-cn--- |
| 086 | 1 |aST31-9/1981F-PDF|zST31-9/1981F |
| 245 | 00|aBiotechnologie : |bun plan de développment pour le Canada / |crapport du Groupe de travail sur la biotechnologie présenté au Ministre d'État chargé des sciences et de la technologie. |
| 264 | 1|a[Ottawa] : |bMinistre d'État chargé des sciences et de la technologie, |c1981. |
| 264 | 4|c©1981 |
| 300 | |a1 ressource en ligne (vii, 57 pages) |
| 336 | |atexte|btxt|2rdacontent/fre |
| 337 | |ainformatique|bc|2rdamedia/fre |
| 338 | |aressource en ligne|bcr|2rdacarrier/fre |
| 500 | |aÉdition numérisée de l'imprimé [par Innovation, Sciences et Développement économique Canada]. |
| 500 | |aPublié aussi en anglais sous le titre : Biotechnology : a development plan for Canada. |
| 650 | 6|aBiotechnologie|zCanada. |
| 650 | 6|aGénie biochimique|zCanada. |
| 650 | 6|aMicrobiologie industrielle|zCanada. |
| 710 | 1 |aCanada. |bMinistère d'État, Sciences et technologie, |eorganisme de publication. |
| 775 | 08|tBiotechnology : |w(CaOODSP)9.923947 |
| 856 | 40|qPDF|s736 Ko|uhttps://publications.gc.ca/collections/collection_2023/isde-ised/ST31-9-1981-fra.pdf |